| 000 | 00948nam a22002417a 4500 | ||
|---|---|---|---|
| 999 |
_c16361 _d16361 |
||
| 003 | AR-CdUCM | ||
| 008 | 190503b ||||| |||| 00| 0 spa d | ||
| 040 |
_aMUNICIPALIDAD PROVINCIAL DEL CUSCO _cBIBLIOTECA MUNICIPAL DEL CUSCO |
||
| 041 | _heng | ||
| 082 |
_22ed _a372.11 / _bP53 |
||
| 100 |
_aPichot, Pierre _935760 |
||
| 245 |
_aLos test mentales : _bpresentación, supervisión y apéndices por Jaime Bernstein / |
||
| 260 |
_aBuenos Aires : _bEdit. Paidós, _c1963. |
||
| 300 |
_a194 páginas ; _c17 cm. |
||
| 440 |
_aBiblioteca del hombre contemporáneo _96408 |
||
| 505 | _aContenido: Definición -- Historia -- Cualidades de los tests mentales -- Clasificación -- El empleo de los tests en psicología... | ||
| 650 |
_aPruebas psicológicas _97330 |
||
| 650 |
_aTest mentales _935761 |
||
| 650 |
_aTests de inteligencia _935762 |
||
| 700 |
_aMilleret, Jean de (traducción) _935763 |
||
| 942 |
_2ddc _cLIBROS |
||
| 945 |
_adavv _d03/05/2019 |
||